DORLAND`S ILLUSTRATED MEDICAL DICTIONARY / (Record no. 794996)

MARC details
000 -LEADER
fixed length control field 00589pam a2200217 a 4500
020 ## - INTERNATIONAL STANDARD BOOK NUMBER
International Standard Book Number 0721601464
Terms of availability 1795
041 ## - LANGUAGE CODE
Language code of text/sound track or separate title eng
Language code of original NULL
082 ## - DEWEY DECIMAL CLASSIFICATION NUMBER
Classification number 610.321
Item number AND/BEH
100 ## - MAIN ENTRY--PERSONAL NAME
Personal name DORLANDS, W.
245 ## - TITLE STATEMENT
Title DORLAND`S ILLUSTRATED MEDICAL DICTIONARY /
Statement of responsibility, etc. NULL.
Medium Textual Documents
250 ## - EDITION STATEMENT
Edition statement 30 /
Remainder of edition statement .
260 ## - PUBLICATION, DISTRIBUTION, ETC.
Place of publication, distribution, etc. NULL :
Name of publisher, distributor, etc. SAUNDERS ,
Date of publication, distribution, etc. 2003.
300 ## - PHYSICAL DESCRIPTION
Extent 2190 :
Other physical details xxvii ;
Dimensions A4 .
365 ## - TRADE PRICE
Price type code 1795
Price note 4
504 ## - BIBLIOGRAPHY, ETC. NOTE
Bibliography, etc. note GENERAL
653 ## - INDEX TERM--UNCONTROLLED
Uncontrolled term KNOWLEDGE(GENERAL)
700 ## - ADDED ENTRY--PERSONAL NAME
Personal name ANDEOLI, T .
-- BEHRAMEN, R .
907 ## - LOCAL DATA ELEMENT G, LDG (RLIN)
a 1922
-- 1923
-- 1924
-- 1925
930 ## - EQUIVALENCE OR CROSS-REFERENCE-UNIFORM TITLE HEADING [LOCAL, CANADA]
Uniform title 460
Holdings
Withdrawn status Lost status Damaged status Not for loan Collection Home library Current library Date acquired Source of acquisition Cost, normal purchase price Total Checkouts Full call number Barcode Date due Date last seen Date last checked out Copy number Price effective from Koha item type
          Medical College & Hospital, Sangli Medical College & Hospital, Sangli 28/11/2011 B.M.S.G.B.PUNE 1795.00 1 610.321 AND/BEH MCS-1925 01/10/2043 06/10/2023 06/10/2023 5 26/07/2023 Book
          Medical College & Hospital, Sangli Medical College & Hospital, Sangli 28/11/2011 B.M.S.G.B.PUNE 1795.00 1 610.321 AND/BEH MCS-1924   06/10/2023 23/09/2023 4 26/07/2023 Book
          Medical College & Hospital, Sangli Medical College & Hospital, Sangli 28/11/2011 B.M.S.G.B.PUNE 1795.00   610.321 AND/BEH MCS-1923   22/03/2025   3 26/07/2023 Book
          Medical College & Hospital, Sangli Medical College & Hospital, Sangli 28/11/2011 B.M.S.G.B.PUNE 1795.00 1 610.321 AND/BEH MCS-1922 01/10/2043 06/10/2023 06/10/2023 2 26/07/2023 Book
          Medical College & Hospital, Sangli Medical College & Hospital, Sangli 28/11/2011 B.M.S.G.B.PUNE 1795.00 1 610.321 AND/BEH MCS-1921 30/09/2043 05/10/2023 05/10/2023 1 26/07/2023 Book